Architekt o košických barbakánoch Opevnenie mesta v časoch Jána Jiskru

Bibliographic Details
Main Author: Duchoň, Jozef (Author)
Format: Article
Language:Slovak
Subjects:

MARC

LEADER 00000nab a2200000 a 4500
001 vtls000917846
003 SK-MaSNL
005 20260303034126.0
008 040720e19921218xo 0 slo
035 |a KE26723 
040 |a KEVKJB  |b slo  |c KEVKJB  |e AACR2 
041 0 |a slo 
044 |a xo  |c SK 
080 |a 943.76.437.671-21  |2 1981 
100 1 |a Duchoň, Jozef  |4 aut  |9 317656 
245 1 0 |a Architekt o košických barbakánoch  |b Opevnenie mesta v časoch Jána Jiskru 
650 0 7 |a architektúra historická  |2 KEVKJB  |9 883823 
650 0 7 |a opevnenia  |2 KEVKJB  |9 2990 
650 0 7 |a dejiny  |2 KEVKJB  |9 3825 
651 7 |a Košice (Slovensko)  |2 KEVKJB  |9 18694 
651 7 |a KE,  |2 KEVKJB  |9 877256 
655 7 |a periodikum  |2 snkbucl  |9 29553 
773 0 8 |t Košický večer  |g Roč. 3  |g Roč. 28, č.248, 18.12.1992, s. 5 
852 |a ZVYKNI  |b KIS3GCP 
999 |c 1672452  |d 1674382